[Event "GRE-chT 46th"]
[Site "Rio Achaia"]
[Date "2018.07.15"]
[Round "7.4"]
[White "Vozinaki, Anthi Maria"]
[Black "Kafetzi, Angeliki"]
[Result "1-0"]
[WhiteElo "1971"]
[BlackElo "1815"]
[PlyCount "75"]
[EventDate "2018.07.10"]
[EventType "team"]
[EventRounds "7"]
[EventCountry "GRE"]
[SourceTitle "CBM 185 Extra"]
[Source "ChessBase"]
[SourceDate "2018.07.29"]
[SourceVersion "1"]
[SourceVersionDate "2018.07.29"]
[SourceQuality "1"]
[WhiteTeam "Chania"]
[BlackTeam "Panionios GA"]
[WhiteTeamCountry "GRE"]
[BlackTeamCountry "GRE"]

1. e4 c5 2. Nf3 Nc6 3. d4 cxd4 4. Nxd4 Nf6 5. Nc3 e5 6. Ndb5 d6 7. Bg5 a6 8. Na3 b5 9. Nd5 Qa5+ 10. Bd2 Qd8 11. Bg5 Qa5+ 12. Bd2 Qd8 13. Nxf6+ Qxf6 14. c4 Qg6 15. f3 Be7 16. Be3 b4 17. Nc2 0-0 18. Qd2 Rb8 19. b3 a5 20. Bd3 Nd8 21. 0-0 Ne6 22. Kh1 Bb7 23. Rad1 Bg5 24. Be2 Bxe3 25. Nxe3 Nd4 26. Nf5 Nxf5 27. exf5 Qxf5 28. Qxd6 Rfc8 29. Qe7 Bc6 30. Rd6 f6 31. g4 Qc2 32. Qe6+ Kh8 33. Bd3 Qc3 34. Qf5 g6 35. Qxf6+ Kg8 36. Bxg6 hxg6 37. Qxg6+ Kh8 38. Qh6+ 1-0

[Event "GRE-chT 46th"]
[Site "Rio Achaia"]
[Date "2018.07.12"]
[Round "4.3"]
[White "Kafetzi, Angeliki"]
[Black "Grammatikaki, Aggeliki"]
[Result "1/2-1/2"]
[WhiteElo "1815"]
[BlackElo "1679"]
[PlyCount "73"]
[EventDate "2018.07.10"]
[EventType "team"]
[EventRounds "7"]
[EventCountry "GRE"]
[SourceTitle "CBM 185 Extra"]
[Source "ChessBase"]
[SourceDate "2018.07.29"]
[SourceVersion "1"]
[SourceVersionDate "2018.07.29"]
[SourceQuality "1"]
[WhiteTeam "Panionios GA"]
[BlackTeam "Heraklion"]
[WhiteTeamCountry "GRE"]
[BlackTeamCountry "GRE"]

1. d4 Nf6 2. Nf3 e6 3. Bg5 d5 4. e3 b6 5. Bd3 Bb7 6. Nbd2 Be7 7. 0-0 0-0 8. Ne5 Nbd7 9. f4 Ne4 10. Bxe7 Qxe7 11. Nxd7 Qxd7 12. Nf3 c5 13. dxc5 Nxc5 14. Ne5 Qe8 15. Be2 f6 16. Nd3 Ne4 17. Bf3 Rc8 18. c3 Ba6 19. Re1 Rf7 20. Nb4 Bb7 21. Bxe4 dxe4 22. a4 Rd7 23. Qe2 Rcd8 24. Red1 a5 25. Rxd7 Qxd7 26. Nc2 Qd2 27. Qxd2 Rxd2 28. Rc1 Ba6 29. b3 Bd3 30. Nd4 Kf7 31. c4 Rb2 32. c5 bxc5 33. Rxc5 Rb1+ 34. Kf2 Rf1+ 35. Kg3 Re1 36. Kf2 Rf1+ 37. Kg3 1/2-1/2

[Event "GRE-chT 46th"]
[Site "Rio Achaia"]
[Date "2018.07.11"]
[Round "2.6"]
[White "Houhouli, Hristina"]
[Black "Kafetzi, Angeliki"]
[Result "0-1"]
[WhiteElo "1439"]
[BlackElo "1815"]
[PlyCount "74"]
[EventDate "2018.07.10"]
[EventType "team"]
[EventRounds "7"]
[EventCountry "GRE"]
[SourceTitle "CBM 185 Extra"]
[Source "ChessBase"]
[SourceDate "2018.07.29"]
[SourceVersion "1"]
[SourceVersionDate "2018.07.29"]
[SourceQuality "1"]
[WhiteTeam "Triandrias OF"]
[BlackTeam "Panionios GA"]
[WhiteTeamCountry "GRE"]
[BlackTeamCountry "GRE"]

1. e4 c5 2. Nf3 e6 3. d4 cxd4 4. Nxd4 Nf6 5. Nc3 Nc6 6. Nb3 Bb4 7. Bd3 d5 8. exd5 Nxd5 9. Bd2 0-0 10. 0-0 Nxc3 11. bxc3 Bd6 12. Qh5 f5 13. Rfe1 Bd7 14. Nd4 Qe8 15. Qe2 e5 16. Bc4+ Kh8 17. Nb5 Bb8 18. Be3 a6 19. Na3 Bd6 20. Nb1 b5 21. Bd5 Rc8 22. c4 Nb4 23. a3 Nxd5 24. cxd5 e4 25. Bd4 Be5 26. c3 Bxd4 27. cxd4 Qf7 28. Qa2 Rc4 29. Rd1 Rfc8 30. Nd2 Rxd4 31. Nb3 Rdc4 32. Qd2 f4 33. Rac1 Bg4 34. Rxc4 bxc4 35. Rc1 cxb3 36. Rb1 Rc2 37. Qb4 b2 0-1

[Event "Wch U16 Girls"]
[Site "Durban"]
[Date "2014.09.23"]
[Round "5"]
[White "Kyrkjebo, Marte Bakken"]
[Black "Kafetzi, Angeliki"]
[Result "0-1"]
[WhiteElo "1662"]
[BlackElo "1896"]
[PlyCount "94"]
[EventDate "2014.09.20"]
[EventType "swiss"]
[EventRounds "11"]
[EventCountry "RSA"]
[SourceTitle "CBM 162 Extra"]
[Source "ChessBase"]
[SourceDate "2014.10.17"]
[SourceVersion "1"]
[SourceVersionDate "2014.10.17"]
[SourceQuality "1"]

1. e4 c5 2. Nc3 Nc6 3. Bb5 d6 4. Bxc6+ bxc6 5. d3 g6 6. f4 Bg7 7. Nf3 Rb8 8. 0-0 Bg4 9. Qe1 Bxf3 10. Rxf3 Nf6 11. f5 Ng4 12. Ne2 d5 13. Rb1 dxe4 14. dxe4 Rb4 15. h3 Ne5 16. Rc3 Rxe4 17. fxg6 hxg6 18. Bf4 Qb6 19. Rb3 Rb4 20. Qf2 Rxb3 21. axb3 Nd7 22. Be3 Rh5 23. Ng3 Re5 24. Kh1 Bf6 25. Rf1 Qb4 26. Bd2 Qd4 27. Bc3 Qxf2 28. Rxf2 Rd5 29. Ne4 Rd1+ 30. Kh2 Bxc3 31. Nxc3 Rd4 32. Na4 e5 33. g4 Ke7 34. Kg3 a5 35. Nc3 c4 36. bxc4 Rxc4 37. Re2 a4 38. Re3 Ke6 39. g5 Nc5 40. h4 a3 41. Na2 axb2 42. Re1 Rxc2 43. Rb1 Ne4+ 44. Kg4 c5 45. Re1 Nd2 46. Rd1 b1Q 47. Rxb1 Nxb1 0-1

[Event "Wch U16 Girls"]
[Site "Durban"]
[Date "2014.09.22"]
[Round "4"]
[White "Kafetzi, Angeliki"]
[Black "Tao, Rachel Long Xin"]
[Result "1/2-1/2"]
[WhiteElo "1896"]
[BlackElo "1592"]
[PlyCount "66"]
[EventDate "2014.09.20"]
[EventType "swiss"]
[EventRounds "11"]
[EventCountry "RSA"]
[SourceTitle "CBM 162 Extra"]
[Source "ChessBase"]
[SourceDate "2014.10.17"]
[SourceVersion "1"]
[SourceVersionDate "2014.10.17"]
[SourceQuality "1"]

1. e4 c5 2. Nf3 Nc6 3. d4 cxd4 4. Nxd4 Qb6 5. Nb3 Nf6 6. Bd3 a6 7. 0-0 e6 8. a4 Be7 9. Na3 Qc7 10. Be3 b6 11. Nc4 Rb8 12. a5 bxa5 13. Re1 d5 14. exd5 exd5 15. Ncxa5 Nxa5 16. Rxa5 Rxb3 17. Rc5 Rxd3 18. Rxc7 Rxd1 19. Rxd1 Be6 20. Ra1 Bd8 21. Ra7 0-0 22. R1xa6 Re8 23. Ra8 d4 24. Bd2 Bf5 25. Rd6 Be7 26. Rxe8+ Nxe8 27. Rxd4 Bxc2 28. Rc4 Bf5 29. b4 f6 30. f3 Kf7 31. Kf2 Nd6 32. Rc1 Bd3 33. Be1 Bb5 1/2-1/2

[Event "Wch U16 Girls"]
[Site "Durban"]
[Date "2014.09.21"]
[Round "2"]
[White "Kafetzi, Angeliki"]
[Black "Le Bihan, Alison"]
[Result "1-0"]
[WhiteElo "1896"]
[BlackElo "1714"]
[PlyCount "42"]
[EventDate "2014.09.20"]
[EventType "swiss"]
[EventRounds "11"]
[EventCountry "RSA"]
[SourceTitle "CBM 162 Extra"]
[Source "ChessBase"]
[SourceDate "2014.10.17"]
[SourceVersion "1"]
[SourceVersionDate "2014.10.17"]
[SourceQuality "1"]

1. e4 g6 2. d4 c6 3. Nc3 d5 4. h3 Bg7 5. Nf3 Nh6 6. e5 f6 7. Bd3 Nf7 8. exf6 exf6 9. 0-0 0-0 10. Re1 Re8 11. Rxe8+ Qxe8 12. Bf4 b6 13. Qd2 Na6 14. a3 Qd7 15. Re1 Bb7 16. Qe2 Qc8 17. Nh2 Nb8 18. Qe8+ Bf8 19. Qxc8 Bxc8 20. Re8 Nd7 21. Ba6 Bb7 1-0

[Event "GRE-ch U16 Girls"]
[Site "Greece"]
[Date "2014.07.07"]
[Round "4"]
[White "Kafetzi, Angeliki"]
[Black "Poulopoulou, Ekaterini"]
[Result "1/2-1/2"]
[WhiteElo "1757"]
[BlackElo "1550"]
[PlyCount "91"]
[EventDate "2014.07.04"]
[EventType "swiss"]
[EventRounds "9"]
[EventCountry "GRE"]
[SourceTitle "EXT 2017"]
[Source "ChessBase"]
[SourceDate "2016.10.25"]
[SourceVersion "1"]
[SourceVersionDate "2016.10.25"]
[SourceQuality "1"]

1. e4 c6 2. c4 d5 3. exd5 cxd5 4. cxd5 Nf6 5. Nc3 Nxd5 6. Nf3 e6 7. d4 Be7 8. Bb5+ Nd7 9. 0-0 0-0 10. Re1 Nb8 11. Ne5 a6 12. Bd3 Bf6 13. Ne4 Nc6 14. Nxc6 bxc6 15. Nxf6+ Nxf6 16. Re3 g6 17. Rg3 Qxd4 18. Qf3 Qe5 19. Bh6 Re8 20. Qxc6 Bd7 21. Qc3 Qxc3 22. bxc3 Rec8 23. c4 Rab8 24. Bf4 Rb6 25. Be5 Ne8 26. c5 Rbc6 27. Bd4 e5 28. Bxe5 Rxc5 29. Bf4 a5 30. h3 Nc7 31. Rg5 Ne6 32. Rxc5 Rxc5 33. Be3 Rc3 34. Be2 Ba4 35. Rc1 Rxc1+ 36. Bxc1 Bc6 37. Bc4 Nc5 38. f4 h5 39. Kf2 Ne4+ 40. Kf1 Nd6 41. Bd3 Bd5 42. a3 a4 43. g4 hxg4 44. hxg4 Be6 45. g5 Kf8 46. Ke2 1/2-1/2

[Event "GRE-ch U16 Girls"]
[Site "Greece"]
[Date "2014.07.06"]
[Round "3"]
[White "Salahidou, Reveka"]
[Black "Kafetzi, Angeliki"]
[Result "0-1"]
[WhiteElo "1772"]
[BlackElo "1757"]
[PlyCount "100"]
[EventDate "2014.07.04"]
[EventType "swiss"]
[EventRounds "9"]
[EventCountry "GRE"]
[SourceTitle "EXT 2017"]
[Source "ChessBase"]
[SourceDate "2016.10.25"]
[SourceVersion "1"]
[SourceVersionDate "2016.10.25"]
[SourceQuality "1"]

1. e4 c5 2. Nf3 d6 3. d4 cxd4 4. Nxd4 Nf6 5. Nc3 Nc6 6. Nb3 g6 7. Be3 Bg7 8. f3 0-0 9. Qd2 a5 10. a4 Bd7 11. Qf2 Be6 12. Nd4 Nxd4 13. Bxd4 Qc8 14. Bd3 Nd7 15. Bxg7 Kxg7 16. f4 f5 17. Qd4+ Kg8 18. Nd5 Qc5 19. Nxe7+ Kf7 20. Qxc5 Nxc5 21. Nd5 fxe4 22. Bc4 Bxd5 23. Bxd5+ Ke7 24. 0-0 Kd7 25. b3 Rae8 26. Rae1 Rf5 27. Bc4 Kc7 28. g4 Rf6 29. Kg2 Re7 30. Bd5 h5 31. h3 Rf8 32. Re3 hxg4 33. hxg4 Rh8 34. Rh1 Rxh1 35. Kxh1 g5 36. f5 Re5 37. c4 Kd8 38. f6 Nd7 39. f7 Ke7 40. Rh3 e3 41. Bf3 e2 42. Bxe2 Rxe2 43. Rf3 Re4 44. Rf5 Rxg4 45. Kh2 b6 46. Kh3 Rf4 47. Rxg5 Rxf7 48. Rb5 Rf3+ 49. Kg4 Re3 50. b4 Re5 0-1

[Event "GRE-ch U16 Girls"]
[Site "Greece"]
[Date "2014.07.05"]
[Round "2"]
[White "Kafetzi, Angeliki"]
[Black "Petraki, Evaggelia"]
[Result "1-0"]
[WhiteElo "1757"]
[BlackElo "1431"]
[PlyCount "95"]
[EventDate "2014.07.04"]
[EventType "swiss"]
[EventRounds "9"]
[EventCountry "GRE"]
[SourceTitle "EXT 2017"]
[Source "ChessBase"]
[SourceDate "2016.10.25"]
[SourceVersion "1"]
[SourceVersionDate "2016.10.25"]
[SourceQuality "1"]

1. e4 d6 2. d4 Nf6 3. Nc3 g6 4. Be3 Bg7 5. f3 c6 6. Qd2 b5 7. 0-0-0 Qa5 8. Kb1 b4 9. Nce2 Be6 10. Nc1 Nbd7 11. Nh3 Nb6 12. b3 Qa3 13. Bh6 Bxh6 14. Qxh6 Rb8 15. Qd2 a5 16. Nf4 a4 17. Nxe6 fxe6 18. g4 Ra8 19. g5 Nh5 20. Nd3 axb3 21. cxb3 0-0 22. Be2 Rfb8 23. Qb2 Ra5 24. f4 Rba8 25. Qxa3 Rxa3 26. Rd2 Rc8 27. Bxh5 gxh5 28. Rc1 Ra5 29. Rdc2 Rca8 30. Rxc6 Rxa2 31. Rxb6 Rxh2 32. Nxb4 h4 33. Rbc6 Ra3 34. R6c3 Rf2 35. R1c2 Rxf4 36. Kb2 Ra8 37. Re2 Rg4 38. Rh3 d5 39. exd5 exd5 40. Nc6 Rxg5 41. Rxh4 h5 42. Nxe7+ Kf8 43. Nc6 Ra6 44. Ne5 Kg7 45. Rf2 Ra7 46. Rhf4 Ra8 47. Rf7+ Kg8 48. R7f5 1-0

[Event "GRE-ch U16 Girls"]
[Site "Greece"]
[Date "2014.07.04"]
[Round "1"]
[White "Gliagia, Stergiani"]
[Black "Kafetzi, Angeliki"]
[Result "0-1"]
[WhiteElo "1381"]
[BlackElo "1757"]
[PlyCount "94"]
[EventDate "2014.07.04"]
[EventType "swiss"]
[EventRounds "9"]
[EventCountry "GRE"]
[SourceTitle "EXT 2017"]
[Source "ChessBase"]
[SourceDate "2016.10.25"]
[SourceVersion "1"]
[SourceVersionDate "2016.10.25"]
[SourceQuality "1"]

1. e4 c5 2. Nf3 d6 3. d4 cxd4 4. Nxd4 Nf6 5. Nc3 Nc6 6. Nf3 g6 7. Bg5 Bg7 8. Bd3 Bg4 9. h3 Bxf3 10. Qxf3 Qb6 11. Rb1 Ne5 12. Bb5+ Qxb5 13. Nxb5 Nxf3+ 14. gxf3 0-0 15. c3 Rfc8 16. Nd4 Kf8 17. Kd2 a5 18. Rhe1 Rc5 19. h4 Nd7 20. Ne2 Ne5 21. Ng1 b5 22. a3 h6 23. Bf4 Nc4+ 24. Kd1 b4 25. axb4 axb4 26. cxb4 Rb5 27. b3 Na3 28. Rc1 Rxb4 29. Bg3 Rxb3 30. Re2 Nb5 31. Rec2 Bf6 32. f4 e6 33. Ne2 Rb8 34. Ke1 Nd4 35. Nxd4 Bxd4 36. Rc8+ Rxc8 37. Rxc8+ Kg7 38. Rc6 Bc5 39. e5 Bb4+ 40. Ke2 d5 41. Rc7 Rc3 42. Rxc3 Bxc3 43. Kd3 Ba5 44. Ke3 Bd8 45. Kd3 Kf8 46. Kd4 Bb6+ 47. Kd3 Ke8 0-1

[Event "GRE-chT 42nd"]
[Site "Porto Rio"]
[Date "2014.07.01"]
[Round "5.6"]
[White "Kafetzi, Angeliki"]
[Black "Avramidou, Anastasia"]
[Result "0-1"]
[WhiteElo "1757"]
[BlackElo "2007"]
[PlyCount "90"]
[EventDate "2014.06.28"]
[EventType "team-swiss"]
[EventRounds "7"]
[EventCountry "GRE"]
[SourceTitle "CBM 161 Extra"]
[Source "ChessBase"]
[SourceDate "2014.08.29"]
[SourceVersion "1"]
[SourceVersionDate "2014.08.29"]
[SourceQuality "1"]
[WhiteTeam "Kavalas CN"]
[BlackTeam "Peristeriou CP"]
[WhiteTeamCountry "GRE"]
[BlackTeamCountry "GRE"]

1. e4 c5 2. Nf3 e6 3. d4 cxd4 4. Nxd4 Nf6 5. Nc3 d6 6. Be2 Be7 7. 0-0 a6 8. a4 0-0 9. Kh1 Nc6 10. Nb3 b6 11. f4 Qc7 12. Be3 Na5 13. Nxa5 bxa5 14. Bd3 Rd8 15. Qe2 Rb8 16. Rab1 Bb7 17. Bd2 d5 18. exd5 exd5 19. Rbe1 Re8 20. Qf2 Bc5 21. Qh4 d4 22. Ne2 Be4 23. Bxe4 Nxe4 24. Bc1 Bb4 25. c3 dxc3 26. Nxc3 Nxc3 27. bxc3 Rxe1 28. Rxe1 Bxc3 29. Rd1 h6 30. Ba3 Bb4 31. Qg3 Qc2 32. Rf1 Bxa3 33. Qxa3 Qe2 34. Qf3 Qxf3 35. gxf3 Rb4 36. Ra1 Rxf4 37. Kg2 g5 38. Ra2 Kg7 39. Ra1 Kg6 40. Rc1 Rxa4 41. Rc6+ f6 42. Rxa6 Kf5 43. h3 h5 44. Kg3 h4+ 45. Kg2 Ra2+ 0-1

[Event "Plovdiv Tringov Memorial 36th"]
[Site "Plovdiv"]
[Date "2014.02.02"]
[Round "1"]
[White "Pantev, Veselin"]
[Black "Kafetzi, Angeliki"]
[Result "1-0"]
[WhiteElo "2415"]
[BlackElo "1750"]
[PlyCount "51"]
[EventDate "2014.02.02"]
[EventType "swiss"]
[EventRounds "9"]
[EventCountry "BUL"]
[SourceTitle "CBM 158 Extra"]
[Source "ChessBase"]
[SourceDate "2014.02.28"]
[SourceVersion "1"]
[SourceVersionDate "2014.02.28"]
[SourceQuality "1"]

1. d4 Nf6 2. Nf3 e6 3. g3 c5 4. Bg2 cxd4 5. Nxd4 d5 6. 0-0 Bc5 7. c4 dxc4 8. Qa4+ Nbd7 9. Qxc4 Bxd4 10. Qxd4 0-0 11. Nc3 Qa5 12. Bd2 Rd8 13. Nd5 Qc5 14. Nxf6+ gxf6 15. Qg4+ Kh8 16. Bc3 Rg8 17. Qf4 Qg5 18. Qd6 a5 19. Rad1 h5 20. Qe7 Qg6 21. Rxd7 Bxd7 22. Qxd7 Rac8 23. Rd1 h4 24. Qd4 hxg3 25. Qxf6+ Kh7 26. Qh4+ 1-0

[Event "Rethymno op 5th"]
[Site "Rethymno"]
[Date "2013.07.31"]
[Round "5"]
[White "Kafetzi, Angeliki"]
[Black "Roesch, Mario"]
[Result "1-0"]
[WhiteElo "1714"]
[BlackElo "2076"]
[PlyCount "117"]
[EventDate "2013.07.28"]
[EventType "swiss"]
[EventRounds "9"]
[EventCountry "GRE"]
[SourceTitle "CBM 155 Extra"]
[Source "ChessBase"]
[SourceDate "2013.08.26"]
[SourceVersion "1"]
[SourceVersionDate "2013.08.26"]
[SourceQuality "1"]

1. e4 c6 2. Nc3 d5 3. Nf3 Bg4 4. exd5 cxd5 5. h3 Bh5 6. Bb5+ Nc6 7. g4 Bg6 8. Ne5 Rc8 9. d4 e6 10. h4 f6 11. Nxg6 hxg6 12. Be3 Bb4 13. Kf1 Nge7 14. Ne2 Kf7 15. Kg2 Bd6 16. c3 Qc7 17. Ba4 a6 18. Qd3 b5 19. Bb3 Na5 20. Raf1 Nc4 21. Bc1 Qd7 22. Bc2 e5 23. Qh3 g5 24. h5 b4 25. dxe5 Bxe5 26. f4 gxf4 27. Nxf4 Bxf4 28. Rxf4 bxc3 29. bxc3 Nd6 30. g5 Qxh3+ 31. Rxh3 Nb5 32. Bb2 Rc6 33. Bb3 Rhc8 34. h6 f5 35. hxg7 Rg6 36. Rg3 Nd6 37. Bc2 Ne4 38. Bxe4 dxe4 39. Ba3 Rd8 40. Bxe7 Rd2+ 41. Kh3 Kxe7 42. Rxf5 Rxa2 43. Re5+ Kf7 44. Rxe4 Ra5 45. Kh4 Kxg7 46. Re7+ Kf8 47. Rb7 Re5 48. Kh5 Rg7 49. Rb8+ Kf7 50. Rf3+ Ke6 51. Re8+ Kd5 52. Rxe5+ Kxe5 53. Kh6 Rd7 54. g6 Rd1 55. g7 Rg1 56. Kh7 Rh1+ 57. Kg6 Rg1+ 58. Kf7 Ke4 59. Rf2 1-0

[Event "GRE-ch U16 Girls"]
[Site "Patras"]
[Date "2013.07.11"]
[Round "4.4"]
[White "Kafetzi, Angeliki"]
[Black "Serpetsidaki, Eva"]
[Result "1-0"]
[WhiteElo "1714"]
[BlackElo "1407"]
[PlyCount "79"]
[EventDate "2013.07.08"]
[EventType "swiss"]
[EventRounds "9"]
[EventCountry "GRE"]
[SourceTitle "EXT 2024"]
[Source "ChessBase"]
[SourceDate "2023.10.10"]
[SourceVersion "1"]
[SourceVersionDate "2023.10.10"]
[SourceQuality "1"]

1. e4 e6 2. d4 d5 3. Nc3 Bb4 4. e5 c5 5. a3 Bxc3+ 6. bxc3 Ne7 7. Qg4 0-0 8. Bd3 Nbc6 9. Nf3 f5 10. exf6 Rxf6 11. Bg5 Rf7 12. Qh4 g6 13. 0-0 c4 14. Be2 Qc7 15. Qg3 Nf5 16. Qxc7 Rxc7 17. Bf4 Rf7 18. g3 b5 19. Rfe1 a5 20. Bf1 Raa7 21. Ne5 Nxe5 22. Bxe5 Rfe7 23. Bg2 Kf7 24. g4 Ng7 25. Re3 Ne8 26. Rae1 Reb7 27. Rb1 Ra6 28. h4 Rab6 29. Kh2 Nc7 30. Rf3+ Kg8 31. h5 Na6 32. hxg6 hxg6 33. Rf6 Rg7 34. Bxd5 Nb8 35. Bxc4 bxc4 36. Rxb6 Nd7 37. Rfxe6 Nxb6 38. Rxb6 Rh7+ 39. Kg3 Bd7 40. Rxg6+ 1-0

[Event "GRE-chT 41st"]
[Site "Achaia"]
[Date "2013.07.07"]
[Round "7.6"]
[White "Tsamantani, Eleni Marina"]
[Black "Kafetzi, Angeliki"]
[Result "0-1"]
[WhiteElo "1353"]
[BlackElo "1714"]
[PlyCount "64"]
[EventDate "2013.07.02"]
[EventType "team-swiss"]
[EventRounds "7"]
[EventCountry "GRE"]
[SourceTitle "CBM 155 Extra"]
[Source "ChessBase"]
[SourceDate "2013.08.26"]
[SourceVersion "1"]
[SourceVersionDate "2013.08.26"]
[SourceQuality "1"]
[WhiteTeam "Irakleiou CN"]
[BlackTeam "Kavalas OFS"]
[WhiteTeamCountry "GRE"]
[BlackTeamCountry "GRE"]

1. d4 d5 2. Nf3 Nf6 3. Bg5 e6 4. e3 Be7 5. Bd3 0-0 6. c3 Nbd7 7. Nbd2 b6 8. 0-0 Bb7 9. Rc1 c5 10. Bb1 Re8 11. Qc2 Nf8 12. Ne5 N6d7 13. Bxe7 Qxe7 14. Nxd7 Qxd7 15. Nf3 f6 16. Rcd1 Qf7 17. a3 Qh5 18. Rfe1 Kh8 19. Qe2 c4 20. Nd2 Qf7 21. e4 e5 22. dxe5 Rxe5 23. Qf1 Rh5 24. Nf3 Ng6 25. exd5 Bxd5 26. Be4 Rc8 27. Bxd5 Rxd5 28. Rxd5 Qxd5 29. Rd1 Qb5 30. Qe2 Nf4 31. Ne1 Nxe2+ 32. Kf1 Qxb2 0-1

[Event "GRE-ch U18 Girls"]
[Site "Chania"]
[Date "2013.01.07"]
[Round "8.5"]
[White "Karavitaki, Evaggelia"]
[Black "Kafetzi, Angeliki"]
[Result "0-1"]
[WhiteElo "1257"]
[BlackElo "1686"]
[PlyCount "88"]
[EventDate "2013.01.02"]
[EventType "swiss"]
[EventRounds "9"]
[EventCountry "GRE"]
[SourceTitle "EXT 2024"]
[Source "ChessBase"]
[SourceDate "2023.10.10"]
[SourceVersion "1"]
[SourceVersionDate "2023.10.10"]
[SourceQuality "1"]

1. e4 c5 2. Nf3 d6 3. d4 cxd4 4. Nxd4 Nf6 5. Nc3 a6 6. Be2 e5 7. Nb3 Be6 8. Bg5 Nbd7 9. Qd2 Be7 10. 0-0 0-0 11. f4 Qc7 12. Kh1 Rfd8 13. Qe3 b5 14. a3 h6 15. Bh4 Nb6 16. Rad1 Bc4 17. Bf2 Bxe2 18. Qxe2 Nc4 19. fxe5 dxe5 20. Rb1 Nxa3 21. bxa3 Qxc3 22. Bb6 Rdc8 23. Rbc1 Bxa3 24. Ba5 Qc4 25. Qxc4 bxc4 26. Ra1 Bb2 27. Rab1 cxb3 28. Rxb2 bxc2 29. Rc1 Rab8 30. Ra2 Rb1 31. Bd2 Rxc1+ 32. Bxc1 Rd8 33. h3 Rd1+ 34. Kh2 Rxc1 35. Rxa6 Rh1+ 36. Kxh1 c1Q+ 37. Kh2 Qf4+ 38. Kg1 Nxe4 39. Ra8+ Kh7 40. Ra2 Nc3 41. Rf2 Qd4 42. g3 Ne4 43. Kh1 Qxf2 44. g4 Ng3# 0-1

[Event "GRE-ch U18 Girls"]
[Site "Chania"]
[Date "2013.01.06"]
[Round "7.1"]
[White "Kafetzi, Angeliki"]
[Black "Serefidou, Despina"]
[Result "0-1"]
[WhiteElo "1686"]
[BlackElo "1958"]
[PlyCount "100"]
[EventDate "2013.01.02"]
[EventType "swiss"]
[EventRounds "9"]
[EventCountry "GRE"]
[SourceTitle "EXT 2024"]
[Source "ChessBase"]
[SourceDate "2023.10.10"]
[SourceVersion "1"]
[SourceVersionDate "2023.10.10"]
[SourceQuality "1"]

1. e4 e5 2. Nf3 Nc6 3. d4 exd4 4. Bc4 Nf6 5. e5 Ng4 6. 0-0 d6 7. Re1 Ngxe5 8. Bb5 Be7 9. Nxd4 0-0 10. Nc3 Nxd4 11. Qxd4 c6 12. Bf1 Bf6 13. Qd1 d5 14. h3 Ng6 15. Bd3 Ne5 16. Bf1 Re8 17. Bf4 Ng6 18. Bg3 Bf5 19. Rxe8+ Qxe8 20. Qd2 Qd7 21. Re1 Re8 22. Rxe8+ Qxe8 23. b3 Qe7 24. Nd1 Bc8 25. Ne3 Ne5 26. Qe2 g6 27. f4 Nd7 28. Bf2 Bg7 29. Qd2 Nf6 30. Nd1 Ne4 31. Qe3 b6 32. Bd3 Qe6 33. Be1 c5 34. Qe2 Bd4+ 35. Kh1 Nd6 36. Qxe6 Bxe6 37. c3 Bg7 38. Nf2 f5 39. Kg1 Ne4 40. Nxe4 fxe4 41. Bb5 d4 42. cxd4 cxd4 43. Kf1 Bd5 44. Ke2 Kf7 45. g4 h5 46. gxh5 gxh5 47. f5 Bf6 48. Bd7 h4 49. Bd2 e3 50. Be1 Bg2 0-1

[Event "EU-ch U14 Girls"]
[Site "Prague"]
[Date "2012.08.23"]
[Round "7"]
[White "Dmochowska, Agnieszka"]
[Black "Kafetzi, Angeliki"]
[Result "1-0"]
[WhiteElo "1770"]
[BlackElo "1687"]
[PlyCount "53"]
[EventDate "2012.08.17"]
[EventType "swiss"]
[EventRounds "9"]
[EventCountry "CZE"]
[SourceTitle "CBM 150 Extra"]
[Source "ChessBase"]
[SourceDate "2012.10.19"]
[SourceVersion "1"]
[SourceVersionDate "2012.10.19"]
[SourceQuality "1"]

1. d4 d5 2. c4 e6 3. Nc3 Nf6 4. Nf3 Be7 5. Bf4 Nh5 6. Be5 f6 7. Bg3 Nxg3 8. hxg3 0-0 9. e3 Rf7 10. Bd3 g6 11. Qc2 c6 12. Nh4 e5 13. cxd5 cxd5 14. Nxd5 Qxd5 15. Qxc8+ Bf8 16. Bc4 Qd7 17. Bxf7+ Kxf7 18. Rc1 Qxc8 19. Rxc8 Bd6 20. Nf3 Kg7 21. dxe5 fxe5 22. Ng5 h5 23. g4 a5 24. gxh5 gxh5 25. Ne6+ Kf6 26. Nc7 Ra7 27. Ne8+ 1-0

[Event "EU-ch U14 Girls"]
[Site "Prague"]
[Date "2012.08.20"]
[Round "4"]
[White "Kafetzi, Angeliki"]
[Black "Serpetsidaki, Eva"]
[Result "1-0"]
[WhiteElo "1687"]
[BlackElo "1408"]
[PlyCount "59"]
[EventDate "2012.08.17"]
[EventType "swiss"]
[EventRounds "9"]
[EventCountry "CZE"]
[SourceTitle "CBM 150 Extra"]
[Source "ChessBase"]
[SourceDate "2012.10.19"]
[SourceVersion "1"]
[SourceVersionDate "2012.10.19"]
[SourceQuality "1"]

1. Nf3 Nf6 2. b3 g6 3. Bb2 Bg7 4. d4 d6 5. c4 0-0 6. e3 Na6 7. Nc3 c5 8. Be2 Bd7 9. 0-0 e6 10. Qd2 Qe7 11. Rad1 Rfd8 12. Rfe1 Nc7 13. Qc2 Bc6 14. e4 d5 15. exd5 exd5 16. cxd5 Nfxd5 17. Bc4 Qf8 18. dxc5 Qxc5 19. Ne4 Qf8 20. Ne5 Bb5 21. Bxb5 Nxb5 22. Qc4 Nbc7 23. Qc1 Ne6 24. Ba3 Nb4 25. Nd7 Qe7 26. Nec5 a5 27. Nxe6 fxe6 28. Nb6 Ra6 29. Nd5 Qe8 30. Nc7 1-0

[Event "EU-ch U14 Girls"]
[Site "Prague"]
[Date "2012.08.18"]
[Round "2"]
[White "Kafetzi, Angeliki"]
[Black "Beluska, Tereza"]
[Result "1/2-1/2"]
[WhiteElo "1687"]
[BlackElo "1496"]
[PlyCount "80"]
[EventDate "2012.08.17"]
[EventType "swiss"]
[EventRounds "9"]
[EventCountry "CZE"]
[SourceTitle "CBM 150 Extra"]
[Source "ChessBase"]
[SourceDate "2012.10.19"]
[SourceVersion "1"]
[SourceVersionDate "2012.10.19"]
[SourceQuality "1"]

1. e4 c5 2. Nf3 Nc6 3. d4 cxd4 4. Nxd4 g6 5. Nb3 Bg7 6. Nc3 Nf6 7. Bd3 0-0 8. 0-0 d5 9. Qe2 dxe4 10. Nxe4 Nxe4 11. Bxe4 Qc7 12. c3 Rd8 13. f4 e6 14. Qf3 Rd6 15. Nd2 Ne7 16. Bc2 Bd7 17. Ne4 Bc6 18. Qh3 Rd5 19. g4 Rad8 20. Be3 a6 21. Rae1 Qa5 22. g5 Nf5 23. Nf6+ Bxf6 24. gxf6 Nxe3 25. Qh6 Nf5 26. Bxf5 Qc5+ 27. Rf2 Qf8 28. Qxf8+ Kxf8 29. Be4 Rc5 30. Bxc6 Rxc6 31. Re5 b6 32. Kg2 Rcd6 33. Rfe2 Rd3 34. h4 Ke8 35. h5 Kd7 36. hxg6 hxg6 37. R5e3 Kc6 38. Kf2 R8d5 39. Re5 Rd8 40. R5e4 R8d5 1/2-1/2